Central Library, Doon University
WEBOPAC (ONLINE PUBLIC ACCESS CATALOGUE)

NTA UGC NET /SET /JRF /Ph.D. English Paper 2 (Record no. 60915)

MARC details
000 -LEADER
fixed length control field 00507nam a22002057a 4500
005 - DATE & TIME
control field 20260530114455.0
008 - FIXED-LENGTH DATA ELEMENTS--GENERAL INFORMATION
fixed length control field 260529b |||||||| |||| 00| 0 eng d
020 ## - ISBN
International Standard Book Number 9789373597164
Price 849.00
040 ## - CATALOGING SOURCE
Original cataloging agency Doon University
041 ## - Language
Language English
082 ## - DDC NUMBER
Classification number 820.076
Book Number RIZ
100 ## - MAIN ENTRY--PERSONAL NAME
Personal name Rizvi, Anamta
110 ## - MAIN ENTRY--CORPORATE NAME
Corporate name RIZ
245 ## - TITLE STATEMENT
Title NTA UGC NET /SET /JRF /Ph.D. English Paper 2
250 ## - EDITION STATEMENT
Edition statement 2nd
260 ## - PUBLICATION, DISTRIBUTION, ETC. (IMPRINT)
Place of publication, distribution, etc Noida
Name of publisher, distributor, etc S. Chand
Date of publication, distribution, etc 2026
300 ## - PHYSICAL DESCRIPTION
Pages 508
650 ## - Subject
Subject Competitive Books
942 ## - ADDED ENTRY ELEMENTS (KOHA)
Koha item type Books
100 ## - MAIN ENTRY--PERSONAL NAME
-- 26934
110 ## - MAIN ENTRY--CORPORATE NAME
-- 26935
952 ## - LOCATION AND ITEM INFORMATION (KOHA)
-- 2026-05-29
Holdings
Withdrawn status Lost status Source of classification or shelving scheme Damaged status Not for loan Location (home branch) Sublocation or collection (holding branch) Date acquired Koha full call number Accession No. Koha date last seen Koha item type
          Doon University Doon University 29.05.2026 RIZ 820.076 CB878 29.05.2026 Books
Contact : +91-135-2533126 (Library),+91-135-2533105 (Admin Office) , Email : doonlibrary@gmail.com

Powered by Koha